1545 1622 1093 1642 1759 1441 1866 1798 1687 1627 1403 1486 1573 1888 1099 1827 1665 1569 1784 1212 1905 1929 1016 1757 1543 1302 1085 1777 1841 1296 1155 1585 1572 1579 1364 1898 1445 1038 1552 1163 1179 1040 1255 1923 1481 1035 1342 1458 1774 1269 1829 1407 1993 1734 1240 1640 1364 1685 1498 1715 1827 1617 1370 1083 1112 1282 1518 1214 1134 1055 1847 1796 1375 1830 1088 1853 1293 1085 1544 1807 1520 1597 1778 1549 1761 1288 1299 1818 1564 1548 1191 1568 1870 1148 1821 1069 1043 1378 1478 BCNSPRNW ULIB Ver.6.0+V

เปลี่ยนเป็นภาษาไทย

Change to English
 แสดงรายละเอียดบรรณานุกรม
  กลับหน้าหลัก

Brief Record : Get Marc (ISO 2709) : E-mail record : QR code < ปิดหน้าต่าง
LEADER : 00000nam 2200000uu 4500
001    13399121093
003     ULIB
008    121105s2553||||th 000 0 tha d
020    ^a9789741112616
050  4 ^aLB1025.3^bป384ร
100 0  ^aประเวศ วะสี
245 10 ^aระบบการศึกษาที่แก้ความทุกข์ยากของคนทั้งแผ่นดิน /^cประเวศ วะสี
250    ^aพิมพ์ครั้งที่ 1
260    ^aนครปฐม :^bศูนย์จิตตปัญญาศึกษา มหาวิทยาลัยมหิดล,^c2553
300    ^a74 หน้า :^bภาพประกอบ ;^c21 ซ.ม.
650  4 ^aการศึกษา, การปฏิรูป
650  4 ^aการศึกษากับการพัฒนาประเทศ
650  4 ^aการเรียนรู้ทางสังคม
710 2  ^aมหาวิทยาลัยมหิดล. ^bศูนย์จิตตปัญญาศึกษา
945    ^p0^l0^i17673
945    ^p0^l0^i17674
945    ^p0^l0^i17676
945    ^p0^l0^i17669
945    ^p0^l0^i17670
945    ^p0^l0^i17671
945    ^p0^l0^i17667
945    ^p0^l0^i17668
945    ^p0^l0^i17675
945    ^p0^l0^i17672
995    ^aวิภา
999 ^a ทศพร
รายการนี้ยังไม่มีแท็ก
คุณยังไม่ได้ล็อกอิน คุณสามารถมีกิจกรรมร่วมกับเว็บไซต์ได้ แต่ต้องล็อกอินก่อน ::
  ล็อกอิน

รายการสื่อสารสนเทศ

ลำดับที่ ประเภท เลขเรียก/บาร์โค้ด สถานที่ สถานะ
1. วิทยาศาสตร์การแพทย์ และสุขภาพ
วิทยาศาสตร์การแพทย์ และสุขภาพ
LB1025.3 ป384ร  
  Barcode: 17673
ห้องสมุดวิทยาเขตสวรรค์ประชารักษ์
►หนังสือทั่วไป
บนชั้น
2. วิทยาศาสตร์การแพทย์ และสุขภาพ
วิทยาศาสตร์การแพทย์ และสุขภาพ
LB1025.3 ป384ร ฉ.10 
  Barcode: 17672
ห้องสมุดวิทยาเขตสวรรค์ประชารักษ์
►หนังสือทั่วไป
บนชั้น
3. วิทยาศาสตร์การแพทย์ และสุขภาพ
วิทยาศาสตร์การแพทย์ และสุขภาพ
LB1025.3 ป384ร ฉ.2 
  Barcode: 17674
ห้องสมุดวิทยาเขตสวรรค์ประชารักษ์
►หนังสือทั่วไป
บนชั้น
4. วิทยาศาสตร์การแพทย์ และสุขภาพ
วิทยาศาสตร์การแพทย์ และสุขภาพ
LB1025.3 ป384ร ฉ.3 
  Barcode: 17676
ห้องสมุดวิทยาเขตสวรรค์ประชารักษ์
►หนังสือทั่วไป
บนชั้น
5. วิทยาศาสตร์การแพทย์ และสุขภาพ
วิทยาศาสตร์การแพทย์ และสุขภาพ
LB1025.3 ป384ร ฉ.4 
  Barcode: 17669
ห้องสมุดวิทยาเขตสวรรค์ประชารักษ์
►หนังสือทั่วไป
บนชั้น
6. วิทยาศาสตร์การแพทย์ และสุขภาพ
วิทยาศาสตร์การแพทย์ และสุขภาพ
LB1025.3 ป384ร ฉ.5 
  Barcode: 17670
ห้องสมุดวิทยาเขตสวรรค์ประชารักษ์
►หนังสือทั่วไป
บนชั้น
7. วิทยาศาสตร์การแพทย์ และสุขภาพ
วิทยาศาสตร์การแพทย์ และสุขภาพ
LB1025.3 ป384ร ฉ.6 
  Barcode: 17671
ห้องสมุดวิทยาเขตสวรรค์ประชารักษ์
►หนังสือทั่วไป
บนชั้น
8. วิทยาศาสตร์การแพทย์ และสุขภาพ
วิทยาศาสตร์การแพทย์ และสุขภาพ
LB1025.3 ป384ร ฉ.7 
  Barcode: 17667
ห้องสมุดวิทยาเขตสวรรค์ประชารักษ์
►หนังสือทั่วไป
บนชั้น
9. วิทยาศาสตร์การแพทย์ และสุขภาพ
วิทยาศาสตร์การแพทย์ และสุขภาพ
LB1025.3 ป384ร ฉ.8 
  Barcode: 17668
ห้องสมุดวิทยาเขตสวรรค์ประชารักษ์
►หนังสือทั่วไป
บนชั้น
10. วิทยาศาสตร์การแพทย์ และสุขภาพ
วิทยาศาสตร์การแพทย์ และสุขภาพ
LB1025.3 ป384ร ฉ.9 
  Barcode: 17675
ห้องสมุดวิทยาเขตสวรรค์ประชารักษ์
►หนังสือทั่วไป
บนชั้น

รายการใกล้เคียง
    ผู้แต่ง [ประเวศ วะสี]

    หัวเรื่อง [การศึกษา, การปฏิรูป]
    หัวเรื่อง [การศึกษากับการพัฒนาประเทศ]
    หัวเรื่อง [การเรียนรู้ทางสังคม]

BibComment


ยังไม่เคยถูกคอมเมนท์

คอมเมนท์ทรัพยากรรายการนี้
  คอมเมนท์: ระบบการศึกษาที่แ..


 Copyright 2026. Bcnsprnw @Library